Influence of Innovation Activity on Company Performance

Porovnanie vývoja inovácií vo vybranom sektore a vývoja sektorových finančných ukazovateľov s cieľom určiť ukazovatele, ktorých vývoj najviac zodpovedá vývoju inovácií; analýza zo Slovenska v období 2008-2015.

Salvato in:
Dettagli Bibliografici
Autore principale: Rybárová, Daniela, 1967-
Altri autori: Štetka, Peter, 1986-, Šagátová, Slavka, 1975-
Natura: Capitolo di libro
Lingua:inglese
Soggetti:
Tags: Aggiungi Tag
Nessun Tag, puoi essere il primo ad aggiungerne!!

MARC

LEADER 00000nla a2200000 4500
001 0245670
005 20240524070940.1
041 0 |a eng 
044 |a HR 
245 1 0 |a Influence of Innovation Activity on Company Performance  |c Daniela Rybarova, Peter Stetka, Slavka Sagatova 
520 |a Porovnanie vývoja inovácií vo vybranom sektore a vývoja sektorových finančných ukazovateľov s cieľom určiť ukazovatele, ktorých vývoj najviac zodpovedá vývoju inovácií; analýza zo Slovenska v období 2008-2015. 
610 2 0 |a podnik 
610 2 0 |a výkonnosť 
610 2 0 |a výkonnosť inovačná 
610 2 0 |a výkonnosť podniku 
610 2 0 |a inovácia 
610 2 0 |a konkurencieschopnosť 
610 2 0 |a ukazovatele finančné 
610 2 0 |a Slovensko 
100 1 |a Rybárová, Daniela, 1967- 
700 1 |a Štetka, Peter, 1986- 
700 1 |a Šagátová, Slavka, 1975-